000 01107nam a2200193 i 4500
001 35453
003 ES-MaACL
005 20250814045706.0
007 t|
008 030213m19071909fr ||||1| fre d
100 0 _aBouasse, H.
_930820
245 1 0 _aCours de mecanique physique... /
_cpar Henri Pierre Maxime Bouasse.
260 _aParis :
_bDelagrave,
_c[1907-1909]
300 _a6 t. en 9 v. ;
_c25 cm.
505 8 _aContiene: T.I: Mecanique rationelle et expérimentale.-- T.II: Première partie. Cours de thermodynamique. Principes généraux. Gaz et vapeurs. Deuxième partie. Machines thermiques. Chimiephysique. -- T.III: Primère partie. Cours de magnétisme et d'electricité. Etude du champ magnétique. Deuxième partie. Applications. Aimants et electros. Compesations des compas. Dynamos. Alternateurs... Troisième partie. Etude du champ electrique. -- T.IV: Cours de physique. Optique. Etude des intruments. -- T.V: Electrotique. Ondes hertiennes. -- T.VI: Etude des symétries
650 0 7 _aMecánica
_2embne
_914869
852 _aES-MaACL
_jB-4851-59
999 _c35453
_d35453